Statistics for LOTR 1 Quotes

Click here to take the quiz!

General Stats

  • This quiz has been taken 401 times
  • The average score is 14 of 18

Answer Stats

QuoteCharacter% Correct
I wish the ring had never come to me. I wish none of this had happened.Frodo Baggins
100%
You shall not pass!Gandalf the Grey
98%
What about second breakfast?Pippin
97%
Not the beard!Gimli
94%
It came to me, my own, my love... my... preciousssss.Gollum
90%
I would have followed you, my brother... my captain... my king.Boromir
89%
I was there three thousand years ago. I was there the day the strength of Men failed.Elrond
89%
Boromir! Give the Ring to Frodo.Aragorn
88%
We must join with Sauron. It would be wise, my friend.Saruman the White
87%
Now it comes to it, I don't feel like parting with it. It's mine, I found it. It came to me!Bilbo Baggins
86%
I ain't been droppin' no eaves sir, honest.Samwise Gamgee
83%
Shh. Gandalf's thinkin'.Merry
82%
You cannot hide. I see you. There is no life in the void. Only death.Sauron
76%
Even the smallest person can change the course of the future.Lady Galadriel
68%
Something draws near, I can feel it.Legolas
65%
The Dwarf breathes so loud, we could have shot him in the dark.Haldir
54%
Your time will come. You will face the same evil, and you will defeat it.Arwen
46%
Elderly chap, big gray beard, pointy hat. Not seen him for six months.Barliman Butterbur
26%

Score Distribution

Percentile by Number Answered

Percent of People with Each Score

Your Score History

You have not taken this quiz